Perspectives on Indian booker prize winners : (Record no. 73150)

MARC details
000 -LEADER
fixed length control field 00718nam a22002057a 4500
005 - DATE AND TIME OF LATEST TRANSACTION
control field 20130117154454.0
010 ## - LCCN (DPL NO)
LC control number ENG-106630
020 ## - INTERNATIONAL STANDARD BOOK NUMBER
International Standard Book Number 9788171326594
Terms of availability 750.00
035 ## - SYSTEM CONTROL NUMBER
System control number EN-90163
037 ## - SOURCE OF ACQUISITION
Source of stock number/acquisition DBAD/PUB
100 ## - MAIN ENTRY--PERSONAL NAME
Personal name Saini, Ashok K.
245 ## - TITLE STATEMENT
Title Perspectives on Indian booker prize winners :
Statement of responsibility, etc by Ashok K. Saini
Remainder of title readings & reflections /
260 ## - PUBLICATION, DISTRIBUTION, ETC. (IMPRINT)
Place of publication, distribution, etc Jaipur
Name of publisher, distributor, etc Pointer Publishers
Date of publication, distribution, etc 2011
270 ## - ADDRESS
Address 807, Vyas Building, Chaura Rasta
City Jaipur
Postal code 302003
300 ## - PHYSICAL DESCRIPTION
Extent xi, 210p.
Dimensions 20cm (Hb)
500 ## - GENERAL NOTE
General note Includes bibliographical references
700 ## - ADDED ENTRY--PERSONAL NAME
9 (RLIN) 54873
942 ## - ADDED ENTRY ELEMENTS (KOHA)
Source of classification or shelving scheme Dewey Decimal Classification
Item type English Books
Call number suffix SAI
Holdings
Withdrawn status Lost status Not for loan Collection code Home library Current library Date acquired Source of acquisition Cost, normal purchase price Full call number Barcode Copy number Cost, replacement price Koha item type
      Non-fiction D.B.Act.Division D.B.Act.Division 17/01/2013 DBAD/PUB 750.00 SAI EN-90163 1 750.00 English Books

© Delhi Public Library
Hit Counter
free hit counter